<?xml version="1.0" encoding="UTF-8"?><?xml-stylesheet type="text/xsl" href="static/style.xsl"?><OAI-PMH xmlns="http://www.openarchives.org/OAI/2.0/" xmlns:xsi="http://www.w3.org/2001/XMLSchema-instance" xsi:schemaLocation="http://www.openarchives.org/OAI/2.0/ http://www.openarchives.org/OAI/2.0/OAI-PMH.xsd"><responseDate>2026-06-01T06:11:06Z</responseDate><request verb="GetRecord" identifier="oai:riuma.uma.es:10630/30588" metadataPrefix="marc">https://riuma.uma.es/rest/oai/request</request><GetRecord><record><header><identifier>oai:riuma.uma.es:10630/30588</identifier><datestamp>2026-02-03T11:34:22Z</datestamp><setSpec>com_10630_2254</setSpec><setSpec>col_10630_37953</setSpec></header><metadata><record xmlns="http://www.loc.gov/MARC21/slim" xmlns:dcterms="http://purl.org/dc/terms/" xmlns:doc="http://www.lyncode.com/xoai" xmlns:xsi="http://www.w3.org/2001/XMLSchema-instance" xsi:schemaLocation="http://www.loc.gov/MARC21/slim http://www.loc.gov/standards/marcxml/schema/MARC21slim.xsd">
   <leader>00925njm 22002777a 4500</leader>
   <datafield ind2=" " ind1=" " tag="042">
      <subfield code="a">dc</subfield>
   </datafield>
   <datafield ind2=" " ind1=" " tag="720">
      <subfield code="a">Suárez Padilla, José</subfield>
      <subfield code="e">author</subfield>
   </datafield>
   <datafield ind2=" " ind1=" " tag="720">
      <subfield code="a">Ramon Torres, Joan</subfield>
      <subfield code="e">author</subfield>
   </datafield>
   <datafield ind2=" " ind1=" " tag="720">
      <subfield code="a">Mora-Serrano, Bartolomé</subfield>
      <subfield code="e">author</subfield>
   </datafield>
   <datafield ind2=" " ind1=" " tag="720">
      <subfield code="a">Salvago Soto, Leticia</subfield>
      <subfield code="e">author</subfield>
   </datafield>
   <datafield ind2=" " ind1=" " tag="720">
      <subfield code="a">Chacón Mohedano, Cristina</subfield>
      <subfield code="e">author</subfield>
   </datafield>
   <datafield ind2=" " ind1=" " tag="260">
      <subfield code="c">2020</subfield>
   </datafield>
   <datafield ind2=" " ind1=" " tag="520">
      <subfield code="a">Entre los años 1998 y 2002 se llevó a cabo una&#xd;
actividad arqueológica en el antiguo edificio de la Casa de&#xd;
Correos y Telégrafos de Málaga, como parte de los trabajos&#xd;
de rehabilitación necesarios para su uso como sede del Rec-&#xd;
torado de la Universidad. El estudio sistemático de los ma-&#xd;
teriales correspondientes a los niveles más profundos de la&#xd;
secuencia, atribuidos al periodo fenicio arcaico, permiten su&#xd;
datación en momentos anteriores a c 625 a.C., lo que los con-&#xd;
vierte, al día de hoy, en el contexto de mayor antigüedad de Malaka. Junto a este dato de valor cronológico destaca la en-&#xd;
tidad arquitectónica de algunas de las estructuras localizadas,&#xd;
inmediatas a la primera línea de costa de la época. El con-&#xd;
junto resulta de gran interés para estudiar la dinámica del po-&#xd;
blamiento fenicio de la bahía de Málaga a partir de la funda-&#xd;
ción del asentamiento de la Rebanadilla, ubicado en el vecino&#xd;
estuario del río Guadalhorce, datado en la segunda mitad del&#xd;
siglo IX a.C.</subfield>
   </datafield>
   <datafield ind1="8" ind2=" " tag="024">
      <subfield code="a">Suárez Padilla, J., Ramon Torres, J., Mora Serrano, B., Salvago Soto, L. y Chacón Mohedano, C. (2020): “La cronología fundacional de la Malaka fenicia: investigaciones en el solar del Rectorado de la Universidad de Málaga”, Spal 29.1: 41‑77.</subfield>
   </datafield>
   <datafield ind1="8" ind2=" " tag="024">
      <subfield code="a">https://hdl.handle.net/10630/30588</subfield>
   </datafield>
   <datafield ind1="8" ind2=" " tag="024">
      <subfield code="a">10.12795/spal.2020.i29.02</subfield>
   </datafield>
   <datafield tag="653" ind2=" " ind1=" ">
      <subfield code="a">Málaga (Provincia) - Restos arqueológicos fenicios</subfield>
   </datafield>
   <datafield tag="653" ind2=" " ind1=" ">
      <subfield code="a">Fenicios - Colonización - Málaga (Provincia)</subfield>
   </datafield>
   <datafield ind2="0" ind1="0" tag="245">
      <subfield code="a">La cronología fundacional de la Malaka fenicia: investigaciones en el solar del Rectorado de la Universidad de Málaga</subfield>
   </datafield>
</record>
</metadata></record></GetRecord></OAI-PMH>